Information Technology 241 questions and answers : (Record no. 595200)
[ view plain ]
| 000 -LEADER | |
|---|---|
| fixed length control field | 00791nam a22001337a 4500 |
| 040 ## - CATALOGING SOURCE | |
| Transcribing agency | NUST |
| 082 ## - DEWEY DECIMAL CLASSIFICATION NUMBER | |
| Classification number | 153.94,KHA |
| 100 ## - MAIN ENTRY--PERSONAL NAME | |
| Personal name | Khattak, Jamshed A |
| 9 (RLIN) | 113525 |
| 245 ## - TITLE STATEMENT | |
| Title | Information Technology 241 questions and answers : |
| Remainder of title | (Topic-Wise) 1994-2004 for C.A. Foundation & Intermediate Module-B&D / |
| Statement of responsibility, etc. | Jamshed A. KHattak |
| 260 ## - PUBLICATION, DISTRIBUTION, ETC. | |
| Place of publication, distribution, etc. | Lahore |
| Name of publisher, distributor, etc. | Ishfaq |
| Date of publication, distribution, etc. | 2003 |
| 300 ## - PHYSICAL DESCRIPTION | |
| Extent | 293 p.; |
| 505 ## - FORMATTED CONTENTS NOTE | |
| Formatted contents note | Hardware (Meeting the Machine) (PAge-1), Software (The Power Behind the Power) (Page-41), Communication & Networks (Computer Connection) (Page-75), The Nature of Informmation (Page-104), Oganizational Information System (Page-122), SstemDevelopment Life Cycle (Page-174), Computer Pachages (Plan the Solution) (Page-222), Disaster & Control (Page-254), MCQ's (Page-285). |
| 942 ## - ADDED ENTRY ELEMENTS (KOHA) | |
| Source of classification or shelving scheme | |
| Koha item type | Book |
| Call number prefix | 153.94,KHA |
| Withdrawn status | Lost status | Source of classification or shelving scheme | Damaged status | Not for loan | Permanent Location | Current Location | Shelving location | Date acquired | Full call number | Barcode | Date last seen | Price effective from | Koha item type | Public note |
|---|---|---|---|---|---|---|---|---|---|---|---|---|---|---|
| Military College of Signals (MCS) | Military College of Signals (MCS) | General Stacks | 07/11/2023 | 153.94,KHA | MCS38743 | 07/11/2023 | 07/11/2023 | Book | Almirah No.46, Shelf No.4 |
